<?xml version="1.0" encoding="UTF-8"?>
<resp>
  <nextPage>https://data.bn.org.pl/api/networks/bibs.marcxml?marc=001+b00001150002203&amp;sinceId=1150002204</nextPage>
  <collection>
    <record xmlns='http://www.loc.gov/MARC21/slim'><leader>01243namZa2200361ZiZ4500</leader><controlfield tag='001'>b00001150002203</controlfield><controlfield tag='005'>20241203214625.3</controlfield><controlfield tag='008'>230609s        pl           |000 0 pol c</controlfield><controlfield tag='009'>9913261731805606</controlfield><datafield ind1=' ' ind2=' ' tag='020'><subfield code='a'>837179035X</subfield></datafield><datafield ind1=' ' ind2=' ' tag='035'><subfield code='a'>KR_1KR_1_20120317233510045725-48omnis_kr</subfield></datafield><datafield ind1=' ' ind2=' ' tag='035'><subfield code='a'>KR_1_20120317233510045725</subfield><subfield code='9'>ExL</subfield></datafield><datafield ind1=' ' ind2=' ' tag='035'><subfield code='a'>(PL)b00001150002203</subfield></datafield><datafield ind1=' ' ind2=' ' tag='040'><subfield code='a'>KR_1</subfield><subfield code='c'>KR_1</subfield></datafield><datafield ind1='1' ind2=' ' tag='041'><subfield code='a'>pol</subfield><subfield code='h'>eng</subfield></datafield><datafield ind1='1' ind2=' ' tag='100'><subfield code='a'>Scarborough, Elizabeth Ann</subfield><subfield code='d'>(1947- )</subfield></datafield><datafield ind1='1' ind2='0' tag='245'><subfield code='a'>Ostatnie schronienie /</subfield><subfield code='c'>Elizabeth Ann Scarborough ; przeł. Andrzej Polkowski.</subfield></datafield><datafield ind1=' ' ind2=' ' tag='260'><subfield code='a'>Warszawa :</subfield><subfield code='b'>&quot;Alfa-Wero&quot;,</subfield><subfield code='c'>1997.</subfield></datafield><datafield ind1=' ' ind2=' ' tag='300'><subfield code='a'>393 s. ;</subfield><subfield code='c'>20 cm.</subfield></datafield><datafield ind1='1' ind2=' ' tag='490'><subfield code='a'>Biblioteka Fantastyki,</subfield><subfield code='x'>0860-231X ;</subfield><subfield code='v'>81</subfield></datafield><datafield ind1='1' ind2=' ' tag='490'><subfield code='a'>Światło Tybetu / Scarborough E. A. ;</subfield><subfield code='v'>2</subfield></datafield><datafield ind1=' ' ind2=' ' tag='500'><subfield code='a'>p</subfield></datafield><datafield ind1=' ' ind2='9' tag='650'><subfield code='a'>Powieść amerykańska</subfield><subfield code='y'>20 w.</subfield></datafield><datafield ind1='1' ind2=' ' tag='700'><subfield code='a'>Polkowski, Andrzej.</subfield><subfield code='e'>Tł.</subfield></datafield><datafield ind1='1' ind2=' ' tag='800'><subfield code='a'>Scarborough E. A.</subfield><subfield code='t'>Światło Tybetu ;</subfield><subfield code='v'>2</subfield></datafield><datafield ind1=' ' ind2=' ' tag='852'><subfield code='b'>48OMNIS_NETWORK</subfield><subfield code='8'>9913261731805606</subfield></datafield><datafield ind1=' ' ind2=' ' tag='852'><subfield code='b'>48OMNIS_MBPG</subfield><subfield code='8'>991002351699708210</subfield></datafield><datafield ind1=' ' ind2=' ' tag='852'><subfield code='b'>48OMNIS_KR</subfield><subfield code='8'>991000022029708216</subfield></datafield><datafield ind1=' ' ind2=' ' tag='852'><subfield code='8'>22796253490008210</subfield><subfield code='j'>1</subfield><subfield code='b'>F20</subfield><subfield code='p'>10038543</subfield><subfield code='c'>UBYTKI_F20</subfield></datafield><datafield ind1=' ' ind2=' ' tag='920'><subfield code='a'>83-7179-035-X</subfield></datafield></record>
  </collection>
</resp>
